MARC

LEADER 00000nam0a2200000 4500
001 253074
005 20231101232817.0
010 |a 5110014213 
020 |a RU  |b 89-31990 
035 |a (RuTPU)RU\TPU\book\275455 
090 |a 253074 
100 |a 20140311d1989 k y0rusy5003 ca 
101 0 |a rus 
102 |a UA 
105 |a y z 001zy 
200 1 |a Деятельность: субъективное отношение к объективному миру (филосовско-социологические аспекты перестройки)  |f А. З. Панкратов 
210 |a Киев  |c Выща школа  |d 1989 
215 |a 159 с.  |d 20 см 
225 1 |a Философская монография 
320 |a Библиогр.: с. 152-158 (135 назв.). 
606 1 |a Объективные и субъективные факторы истории при социализме  |2 stltpush  |3 (RuTPU)RU\TPU\subj\46702  |9 65818 
610 1 |a субъектно-объектные отношения 
610 1 |a специфика 
610 1 |a субъекты 
610 1 |a функциональные свойства 
610 1 |a субстанциальные свойства 
610 1 |a социалистическое общество 
610 1 |a деятельность 
610 1 |a онтологическая форма 
610 1 |a гносеологическая природа 
610 1 |a материальное 
610 1 |a объективное 
686 |a Ю63  |v LBC/SL-A  |2 rubbk 
700 1 |a Панкратов  |b А. З.  |g Алексей Захарович 
801 0 |a RU  |b RuMRKP  |c 19950417  |g psbo 
801 1 |a RU  |b 63413507  |c 20140311 
801 2 |a RU  |b 63413507  |c 20140425  |g RCR 
942 |c BK